| 000 | 00999nam a22002777a 4500 | ||
|---|---|---|---|
| 005 | 20120821104915.0 | ||
| 008 | 120821t xxu||||| |||| 00| 0 eng d | ||
| 010 | _aENG-105568 | ||
| 020 |
_a9788190939645 _c250.00 |
||
| 035 | _aEN-89101 | ||
| 037 | _bDBAD/PUB | ||
| 040 |
_aDPL _bEng |
||
| 082 | _a650.1 | ||
| 100 | 1 |
_aDavid Singh _951233 |
|
| 245 | 1 | 0 |
_aHealth , wealth & happiness : _byou can control your destiny / _cby David Singh with Albert E. D'Souza |
| 260 |
_aNew Delhi _bGood Times Books _c2012 |
||
| 270 |
_aH-13, Bali Nagar _bNew Delhi _e110015 |
||
| 300 |
_axiv,248p. _c24cm(pbk) |
||
| 650 |
_aSuccess in business _951266 |
||
| 650 |
_aFinance, Personal _951267 |
||
| 650 |
_aHealth _951268 |
||
| 700 |
_aD'Souza, Albert E. _951269 |
||
| 942 |
_2ddc _cEN _h650.1 _mDAV |
||
| 999 |
_c69120 _d69120 |
||